Meždunarodnaja sistema naučnoj i techničeskoj informacii stran-členov SEV lekcii

Gespeichert in:
Bibliographische Detailangaben
Format: Buch
Sprache:Russisch
Veröffentlicht: Moskva Meždunarodnyje centrum naučnoj i techn. inform. 1981
Tags: Tag hinzufügen
Keine Tags, Fügen Sie das erste Tag hinzu!

MARC

LEADER 00000nam a2200000 4500
001 c126257
005 20041019155237.5
041 0 |a rus 
044 |a RU 
245 1 0 |a Meždunarodnaja sistema naučnoj i techničeskoj informacii stran-členov SEV  |b lekcii 
264 1 |a Moskva  |b Meždunarodnyje centrum naučnoj i techn. inform.  |c 1981 
300 |a 142 s.